Mind and nature :a necessary unity / (Record no. 2469)

000 -LEADER
fixed length control field 00940cam a22002774a 4500
001 - CONTROL NUMBER
control field 12585762
003 - CONTROL NUMBER IDENTIFIER
control field OSt
005 - DATE AND TIME OF LATEST TRANSACTION
control field 20160725120515.0
008 - FIXED-LENGTH DATA ELEMENTS--GENERAL INFORMATION
fixed length control field 011109s2002 njua b 001 0 eng
010 ## - LIBRARY OF CONGRESS CONTROL NUMBER
LC control number 2001051871
020 ## - INTERNATIONAL STANDARD BOOK NUMBER
International Standard Book Number 9781572734340 (pbk.)
040 ## - CATALOGING SOURCE
Original cataloging agency DLC
Transcribing agency DLC
Modifying agency DLC
042 ## - AUTHENTICATION CODE
Authentication code pcc
050 00 - LIBRARY OF CONGRESS CALL NUMBER
Classification number BD161.B32 2002
082 00 - DEWEY DECIMAL CLASSIFICATION NUMBER
Classification number 121
Edition number 21
100 1# - MAIN ENTRY--PERSONAL NAME
Personal name Bateson, Gregory,
Dates associated with a name 1904-1980.
245 10 - TITLE STATEMENT
Title Mind and nature :a necessary unity /
Statement of responsibility, etc Gregory Bateson.
260 ## - PUBLICATION, DISTRIBUTION, ETC. (IMPRINT)
Place of publication, distribution, etc Cresskill, N.J. :
Name of publisher, distributor, etc Hampton Press,
Date of publication, distribution, etc c2002.
300 ## - PHYSICAL DESCRIPTION
Extent xviii, 220 p. :
Other physical details ill. ;
Dimensions 23 cm.
440 #0 - SERIES STATEMENT/ADDED ENTRY--TITLE
Title Advances in systems theory, complexity, and the human sciences
504 ## - BIBLIOGRAPHY, ETC. NOTE
Bibliography, etc Includes bibliographical references and index.
650 #0 - SUBJECT ADDED ENTRY--TOPICAL TERM
Topical term or geographic name as entry element Knowledge, Theory of.
906 ## - LOCAL DATA ELEMENT F, LDF (RLIN)
a 7
b cbc
c orignew
d 1
e ocip
f 20
g y-gencatlg
942 ## - ADDED ENTRY ELEMENTS (KOHA)
Source of classification or shelving scheme
Koha item type Book
Holdings
Withdrawn status Lost status Source of classification or shelving scheme Damaged status Not for loan Home library Current library Shelving location Date acquired Total Checkouts Total Renewals Full call number Barcode Date last seen Date checked out Copy number Price effective from Koha item type
          Riara University Library Riara University Library General stack 25/07/2016 6 2 BD161.B32 2002 7866/16 22/01/2025 06/12/2024 C.1 25/07/2016 Book

Riara University Library,
P.O. Box 49940-00100,
Nairobi, Kenya.